La mujer y la vida comercial en la Ciudad de México a finales de la colonia
Сохранить в:
| Главный автор: | |
|---|---|
| Формат: | |
| Язык: | Spanish |
| Опубликовано: |
Azcapotzalco, Distrito Federal, México
Universidad Autónoma Metropolitana
1981
|
| Предметы: | |
| Метки: |
Добавить метку
Нет меток, Требуется 1-ая метка записи!
|
MARC
| LEADER | 00000nam a22000007a 4500 | ||
|---|---|---|---|
| 003 | cru CIDCACS/IIS | ||
| 005 | 20221026112756.0 | ||
| 008 | 190114b1981 MX ||||| |||| 00| 0 spa d | ||
| 040 | |c cru CIDCACS/IIS | ||
| 090 | |a REV0001 2(4) 1981 | ||
| 100 | |9 8185 |a Kicza, John E. | ||
| 245 | |a La mujer y la vida comercial en la Ciudad de México a finales de la colonia |c John E. Kicza. | ||
| 260 | |a Azcapotzalco, Distrito Federal, México |b Universidad Autónoma Metropolitana |c 1981 | ||
| 300 | |a Páginas 39-59 | ||
| 650 | 0 | |9 136 |a HISTORIA | |
| 650 | 0 | |9 2081 |a SOCIOLOGIA | |
| 650 | 0 | |9 113 |a PARTICIPACION DE LA MUJER | |
| 650 | 4 | |9 5915 |a HISTORIA ECONOMICA | |
| 651 | 0 | |9 3410 |a MEXICO | |
| 653 | |a SIGLO XVIII | ||
| 773 | 0 | |0 18805 |9 2590 |d Azcapotzalco UAM |o 02234 |t AZCAPOTZALCO | |
| 942 | |2 ddc |c PP | ||
| 999 | |c 42031 |d 42031 | ||
